Darling Jim : a novel / Christian Moerk.
Available copies
- 1 of 1 copy available at LARL/NWRL Consortium.
- 1 of 1 copy available at Lake Agassiz Regional Library. (Show preferred library)
Current holds
0 current holds with 1 total copy.
Show All Copies
| Location | Call Number / Copy Notes | Barcode | Shelving Location | Status | Due Date |
|---|---|---|---|---|---|
| Crookston Public Library | MOE (Text) | 33500010040582 | Main | Available | - |
Record details
- ISBN: 9780805089479
- ISBN: 0805089470
- Physical Description: 288 p. ; 25 cm.
- Edition: 1st U.S. ed.
- Publisher: New York : Henry Holt and Co., 2009.
Content descriptions
| General Note: | "Originally published by Politikens Forlag, Denmark in 2007"--T.p. verso. |
| Summary, etc.: | When two sisters and their aunt are found dead in ... Read More |
Search for related items by subject
| Subject: | Postal service > Employees > Fiction. Diaries > Fiction. Storytellers > Fiction. Young women > Crimes against > Fiction. Ireland > Fiction. |
| Genre: | Psychological fiction. Suspense fiction. |
| LDR | 01841cam a22004094a 4500 | ||
|---|---|---|---|
| 001 | 103417 | ||
| 003 | LARL_NWRL_CONSORTIUM | ||
| 005 | 20090421091131.0 | ||
| 008 | 080731s2009 nyu 000 1 eng | ||
| 010 | . | ‡a2008033074 | |
| 020 | . | ‡a9780805089479 | |
| 020 | . | ‡a0805089470 | |
| 035 | . | ‡a(OCoLC)237325187 | |
| 040 | . | ‡aDLC ‡cDLC ‡dBTCTA ‡dYDXCP ‡dNOG ‡dWIQ ‡dC#P ‡dBWX ‡dXL4 ‡dUPZ ‡dCDX | |
| 041 | 1 | . | ‡aeng ‡hdan |
| 043 | . | ‡ae-ie--- | |
| 082 | 0 | 0. | ‡a813/.6 ‡222 |
| 100 | 1 | . | ‡aMoerk, Christian. ‡0(LARL_NWRL_CONSORTIUM)199512 |
| 245 | 1 | 0. | ‡aDarling Jim : ‡ba novel / ‡cChristian Moerk. |
| 250 | . | ‡a1st U.S. ed. | |
| 260 | . | ‡aNew York : ‡bHenry Holt and Co., ‡c2009. | |
| 300 | . | ‡a288 p. ; ‡c25 cm. | |
| 500 | . | ‡a"Originally published by Politikens Forlag, Denmark in 2007"--T.p. verso. | |
| 520 | . | ‡aWhen two sisters and their aunt are found dead in their suburban Dublin home, it seems that the secret behind their untimely demise will never be known. But then Niall, a young mailman, finds a mysterious diary in the post office's dead-letter bin. From beyond the grave, Fiona Walsh shares the most tragic love story he's ever heard--and her tale has only just begun in this modern gothic novel of suspense. | |
| 650 | 0. | ‡aPostal service ‡xEmployees ‡vFiction. | |
| 650 | 0. | ‡aDiaries ‡vFiction. ‡0(LARL_NWRL_CONSORTIUM)168979 | |
| 650 | 0. | ‡aStorytellers ‡vFiction. ‡0(LARL_NWRL_CONSORTIUM)175309 | |
| 650 | 0. | ‡aYoung women ‡xCrimes against ‡vFiction. ‡0(LARL_NWRL_CONSORTIUM)168212 | |
| 651 | 0. | ‡aIreland ‡vFiction. ‡0(LARL_NWRL_CONSORTIUM)165198 | |
| 655 | 0. | ‡aPsychological fiction. | |
| 655 | 7. | ‡aSuspense fiction. ‡2gsafd | |
| 700 | 1 | 2. | ‡aMoerk, Christian. ‡tDarling Jim. ‡lEnglish. |
| 901 | . | ‡a103417 ‡bOCLC ‡c103417 ‡tbiblio | |

Add to basket
Permalink
Disable Highlighting